000 01086cam a2200325 a 4500
999 _c58339
_d58339
001 17273332
005 20211112165601.0
008 120426s2013 njua 001 0 eng
010 _a 2012392761
020 _a9780132915540
020 _a0132915545
040 _aDLC
_cDLC
_dDLC
050 0 0 _aTA351
_b.H5 2013
080 _a624.04 H-65
082 0 0 _a531/.12
_223
100 1 _aHibbeler, R. C.
_912907
245 1 0 _aEngineering mechanics.
_pStatics /
_cR.C. Hibbeler.
246 3 0 _aStatics
250 _a13th ed.
260 _aUpper Saddle River, N.J. :
_bPearson,
_cc2013.
300 _axxiii, 648 p. :
_bcol. ill. ;
_c25 cm.
500 _aIncludes index.
650 0 _aStatics
_vTextbooks.
_912908
653 _aEngineering Mechanics : Statics
653 _aსაინჟინრო ნაგებობების მშენებლობა
653 _aСтроительство инженерных сооружений
906 _a7
_bcbc
_corigcop
_d2
_encip
_f20
_gy-gencatlg
942 _2udc
_cBK
955 _bxh07 2012-04-26
_ixh07 2012-04-26 to Dewey